Statystyki dla 10 najbardziej wysuniętych na południe stanów USA

Kliknij tutaj aby rozwiązać quiz!

Ogólne statystyki

  • Ten quiz został rozwiązany 58 razy
    (55 od ostatniego zresetowania)
  • Średni wynik to 7 z 10

Statystyki odpowiedzi

SzerokośćStan% Poprawnych
25°52′NTeksas
94%
24°54'NFloryda
87%
31°33'NNowy Meksyk
83%
28°92'NLuizjana
74%
31°33'NArizona
72%
30°19'NAlabama
62%
18°91'NHawaje
60%
30°35'NGeorgia
57%
30°22'NMississippi
55%
32°02'NKarolina Południowa
40%

Rozkład punktacji

Percentyl według liczby udzielonych odpowiedzi

Procent ludzi z każdym wynikiem

Twoja historia wyników

Nie rozwiązałeś tego quizu od ostatniego zresetowania